| 000 | 04478 a2200469 4500 | ||
|---|---|---|---|
| 005 | 20111108113942.0 | ||
| 010 | _a B-450569-585 | ||
| 020 |
_a8170559332 _c150.00 |
||
| 035 | _a B-450569-585 | ||
| 037 | _bबल्यूबेरी बुक्स | ||
| 037 | _bवि्र्चुअस | ||
| 082 | _a 820.8 | ||
| 100 |
_aकुँवर पाल सिंह _941834 |
||
| 245 | 1 |
_aसाहित्य और हमारा समय / _cकुँवर पाल सिंह |
|
| 246 |
_a _b |
||
| 250 | _b | ||
| 260 |
_aनई दिल्ली _bवाणी प्रकाशन, _c2002 |
||
| 270 |
_a21-ए,दरियागंज _bनई दिल्ली _e110002 |
||
| 300 |
_a137पृ _c22सेमी (सजिल्द) |
||
| 490 |
_a _941835 |
||
| 700 |
_a _935748 |
||
| 942 |
_adpl _cHN _k 820.8 _2ddc _mकुँवर |
||
| 999 |
_c58216 _d58216 |
||